[Event "POR-chT"]
[Site "Sao Joao da Madeira"]
[Date "2023.07.22"]
[Round "8.2"]
[White "Martins, Bruno Andre Leite"]
[Black "Moreno, Alejandro"]
[Result "1-0"]
[WhiteElo "2342"]
[BlackElo "2343"]
[PlyCount "79"]
[EventDate "2023.07.17"]
[EventType "team-tourn"]
[EventRounds "9"]
[EventCountry "POR"]
[SourceTitle "CBM 215 Extra"]
[Source "ChessBase"]
[SourceDate "2023.09.30"]
[SourceVersion "1"]
[SourceVersionDate "2023.09.30"]
[SourceQuality "1"]
[WhiteTeam "Montemor o Novo"]
[BlackTeam "Assembleia Figueirense"]
[WhiteTeamCountry "POR"]
[BlackTeamCountry "POR"]

1. e4 e5 2. Nf3 Nc6 3. Bb5 Nd4 4. Nxd4 exd4 5. 0-0 g6 6. d3 Bg7 7. Nd2 c6 8. Bc4 d5 9. exd5 cxd5 10. Bb5+ Kf8 11. Ba4 Be6 12. Nf3 Bf6 13. Re1 Kg7 14. Bf4 Ne7 15. Qd2 h6 16. Be5 Bxe5 17. Rxe5 Qb6 18. Qf4 Qxb2 19. Rae1 b5 20. Bb3 Rhe8 21. Nxd4 Nf5 22. Nxb5 Rec8 23. R5e2 g5 24. Qb4 Rab8 25. c4 Qf6 26. Qa4 Bd7 27. Qxa7 Bxb5 28. cxb5 Nd4 29. Re3 Rxb5 30. h3 Rbc5 31. Qd7 R8c7 32. Qg4 Rb5 33. Re5 Nxb3 34. axb3 Rxb3 35. Rxd5 Rb2 36. Rf5 Qc3 37. Re3 Rb4 38. Qh5 Qa1+ 39. Kh2 Rh4 40. Rxg5+ 1-0

[Event "Famalicao op 8th"]
[Site "Vila Nova de Famalicao"]
[Date "2021.07.31"]
[Round "9"]
[White "Moreno, Alejandro"]
[Black "Peng, Li Min"]
[Result "0-1"]
[WhiteElo "2391"]
[BlackElo "2474"]
[PlyCount "62"]
[EventDate "2021.07.26"]
[EventType "swiss"]
[EventRounds "9"]
[EventCountry "POR"]
[SourceTitle "CBM 203 Extra"]
[Source "ChessBase"]
[SourceDate "2021.09.30"]
[SourceVersion "1"]
[SourceVersionDate "2021.09.30"]
[SourceQuality "1"]

1. e4 c5 2. Nf3 e6 3. d4 cxd4 4. Nxd4 Nf6 5. Nc3 d6 6. Be2 a6 7. 0-0 Nbd7 8. Be3 b5 9. a3 Bb7 10. f3 Qc7 11. Qd2 Be7 12. Rfd1 0-0 13. Bd3 Rac8 14. g4 Ne5 15. g5 Nh5 16. Qg2 Nc4 17. Bxc4 Qxc4 18. Rd3 g6 19. Nb3 Qc7 20. Qg4 a5 21. Rd2 b4 22. axb4 axb4 23. Nb5 Qd7 24. Nxd6 Bxd6 25. e5 f5 26. gxf6 Nxf6 27. exf6 Rxf6 28. Rf1 Qc7 29. Qd4 Be5 30. Qxb4 Bxf3 31. Nd4 Bxh2+ 0-1

[Event "Famalicao op 8th"]
[Site "Vila Nova de Famalicao"]
[Date "2021.07.30"]
[Round "8"]
[White "Goulao, Goncalo Jose Franci"]
[Black "Moreno, Alejandro"]
[Result "0-1"]
[WhiteElo "1907"]
[BlackElo "2391"]
[PlyCount "50"]
[EventDate "2021.07.26"]
[EventType "swiss"]
[EventRounds "9"]
[EventCountry "POR"]
[SourceTitle "CBM 203 Extra"]
[Source "ChessBase"]
[SourceDate "2021.09.30"]
[SourceVersion "1"]
[SourceVersionDate "2021.09.30"]
[SourceQuality "1"]

1. e4 c6 2. d4 d5 3. Nc3 dxe4 4. Nxe4 Nf6 5. Ng3 h5 6. h4 Bg4 7. f3 Qc7 8. N1e2 Bd7 9. c4 e5 10. dxe5 Qxe5 11. Qb3 b6 12. Bf4 Qa5+ 13. Bd2 Qc5 14. 0-0-0 Na6 15. Nc3 0-0-0 16. Qa4 Kb7 17. Nce4 Nxe4 18. Nxe4 Qe5 19. g3 Nc5 20. Nxc5+ Bxc5 21. Bf4 Be3+ 22. Kc2 Bf5+ 23. Bd3 Rxd3 24. Rxd3 Bxd3+ 25. Kxd3 Rd8+ 0-1

[Event "Famalicao op 8th"]
[Site "Vila Nova de Famalicao"]
[Date "2021.07.27"]
[Round "4"]
[White "Andrade, Ricardo Sarmento"]
[Black "Moreno, Alejandro"]
[Result "0-1"]
[WhiteElo "1803"]
[BlackElo "2391"]
[PlyCount "56"]
[EventDate "2021.07.26"]
[EventType "swiss"]
[EventRounds "9"]
[EventCountry "POR"]
[SourceTitle "CBM 203 Extra"]
[Source "ChessBase"]
[SourceDate "2021.09.30"]
[SourceVersion "1"]
[SourceVersionDate "2021.09.30"]
[SourceQuality "1"]

1. d4 Nf6 2. Bf4 g6 3. Nc3 d5 4. e3 Bg7 5. h4 0-0 6. h5 c5 7. hxg6 hxg6 8. Qd2 Nc6 9. f3 Nh5 10. Rxh5 gxh5 11. Nge2 cxd4 12. exd4 Bf5 13. a3 e6 14. 0-0-0 Rc8 15. Bh6 Bg6 16. Bxg7 Kxg7 17. Nf4 Qf6 18. Bd3 Rce8 19. Nce2 Nxd4 20. Ng3 Rh8 21. Bxg6 fxg6 22. Qxd4 e5 23. Nxd5 exd4 24. Nxf6 Kxf6 25. Rxd4 Re1+ 26. Kd2 Rg1 27. Ne4+ Ke5 28. Ke3 Re1+ 0-1

[Event "POR-chT"]
[Site "Peniche"]
[Date "2021.07.24"]
[Round "8.5"]
[White "Basilio, Rodrigo"]
[Black "Moreno, Alejandro"]
[Result "0-1"]
[WhiteElo "1901"]
[BlackElo "2391"]
[PlyCount "95"]
[EventDate "2021.07.19"]
[EventType "team-tourn"]
[EventRounds "9"]
[EventCountry "POR"]
[SourceTitle "CBM 203 Extra"]
[Source "ChessBase"]
[SourceDate "2021.09.30"]
[SourceVersion "1"]
[SourceVersionDate "2021.09.30"]
[SourceQuality "1"]
[WhiteTeam "Corvos Do Lis"]
[BlackTeam "Assembleia Figueirense"]
[WhiteTeamCountry "POR"]
[BlackTeamCountry "POR"]

1. e4 c5 2. Nf3 d6 3. d4 cxd4 4. Nxd4 Nf6 5. Nc3 a6 6. h4 e5 7. Nb3 Be7 8. Bg5 Be6 9. Qd2 Nbd7 10. 0-0-0 Rc8 11. f3 Qc7 12. g4 b5 13. Rh2 0-0 14. h5 b4 15. Nd5 Bxd5 16. exd5 a5 17. Bxf6 Nxf6 18. g5 a4 19. Na1 a3 20. bxa3 Nxd5 21. Qxd5 Qc3 22. Kb1 bxa3 23. Qb3 Rb8 24. Bb5 Qc5 25. c4 d5 26. Rc2 dxc4 27. Qxc4 Rxb5+ 28. Nb3 Qxc4 29. Rxc4 Bxg5 30. Rd7 f5 31. Ra7 Re8 32. Rxa3 e4 33. fxe4 fxe4 34. Rc2 e3 35. Re2 Bh6 36. Ra5 Reb8 37. Kc2 Rxa5 38. Nxa5 Ra8 39. Nc4 Rxa2+ 40. Kd3 Rxe2 41. Kxe2 Kf7 42. Nxe3 Bxe3 43. Kxe3 Kf6 44. Kf4 h6 45. Kg4 Ke5 46. Kg3 Kf5 47. Kh4 Kf4 48. Kh3 0-1

[Event "POR-chT"]
[Site "Peniche"]
[Date "2021.07.23"]
[Round "7.1"]
[White "Fidalgo, Andre Neves"]
[Black "Moreno, Alejandro"]
[Result "1-0"]
[WhiteElo "2273"]
[BlackElo "2391"]
[PlyCount "73"]
[EventDate "2021.07.19"]
[EventType "team-tourn"]
[EventRounds "9"]
[EventCountry "POR"]
[SourceTitle "CBM 203 Extra"]
[Source "ChessBase"]
[SourceDate "2021.09.30"]
[SourceVersion "1"]
[SourceVersionDate "2021.09.30"]
[SourceQuality "1"]
[WhiteTeam "Estrelas S Joao de Brito"]
[BlackTeam "Assembleia Figueirense"]
[WhiteTeamCountry "POR"]
[BlackTeamCountry "POR"]

1. Nf3 Nf6 2. g3 g6 3. Bg2 Bg7 4. d4 0-0 5. c4 d6 6. Nc3 c6 7. e4 Nbd7 8. 0-0 e5 9. h3 exd4 10. Nxd4 a5 11. Re1 Re8 12. Rb1 Nc5 13. Bf4 d5 14. cxd5 cxd5 15. exd5 Rxe1+ 16. Qxe1 Nd3 17. Qd2 Nxf4 18. Qxf4 Qb6 19. Ndb5 Bd7 20. a4 Rc8 21. Rd1 Qc5 22. Qd6 b6 23. Qxc5 Rxc5 24. Nd4 Kf8 25. Rd2 Rc4 26. Bf1 Ne4 27. Nxe4 Rxd4 28. Rxd4 Bxd4 29. b3 Bf5 30. Nd6 Bc2 31. Bc4 Bc5 32. Nb7 Ke7 33. Nxc5 bxc5 34. f3 Kd6 35. Kf2 Ke5 36. Ke3 f5 37. Kd2 1-0

[Event "POR-chT"]
[Site "Peniche"]
[Date "2021.07.21"]
[Round "4.4"]
[White "Moreno, Alejandro"]
[Black "Cuenca Jimenez, Jose Fernando"]
[Result "0-1"]
[WhiteElo "2391"]
[BlackElo "2524"]
[PlyCount "64"]
[EventDate "2021.07.19"]
[EventType "team-tourn"]
[EventRounds "9"]
[EventCountry "POR"]
[SourceTitle "CBM 203 Extra"]
[Source "ChessBase"]
[SourceDate "2021.09.30"]
[SourceVersion "1"]
[SourceVersionDate "2021.09.30"]
[SourceQuality "1"]
[WhiteTeam "Assembleia Figueirense"]
[BlackTeam "Montemor o Novo"]
[WhiteTeamCountry "POR"]
[BlackTeamCountry "POR"]

1. e4 d6 2. f4 Nf6 3. Nc3 e5 4. Bc4 Be7 5. Nf3 exf4 6. 0-0 Nxe4 7. Nxe4 d5 8. Bd3 dxe4 9. Bxe4 Nd7 10. d4 Bd6 11. c4 c6 12. Qd3 g6 13. Bd2 0-0 14. c5 Bc7 15. Be1 Qf6 16. Bc3 Qd8 17. Be1 f5 18. Qb3+ Kg7 19. Bd3 Nf6 20. Bc3 Nd5 21. Rae1 b5 22. Ne5 Rf6 23. Kh1 a5 24. Bd2 a4 25. Qd1 Ne3 26. Rxe3 fxe3 27. Bxe3 f4 28. Bf2 Qd5 29. Qe2 Bf5 30. Bh4 Rff8 31. Bxf5 Rxf5 32. Ng4 Bd8 0-1

[Event "IECC CL0-2017.00 email"]
[Site "IECC email"]
[Date "2017.03.24"]
[Round "?"]
[White "Moreno, Alejandro"]
[Black "Lenz, Juergen"]
[Result "1-0"]
[WhiteElo "1248"]
[BlackElo "1054"]
[PlyCount "59"]
[EventDate "2017.02.24"]
[EventType "tourn (corr)"]
[EventRounds "4"]
[SourceTitle "Corr 2022"]
[Source "ChessBase"]
[SourceDate "2021.10.24"]
[SourceVersion "1"]
[SourceVersionDate "2021.10.24"]
[SourceQuality "1"]

1. c4 e5 2. Nc3 Nc6 3. Nf3 g6 4. d3 Bg7 5. g3 Nge7 6. Bg2 d6 7. 0-0 h5 8. Bg5 f6 9. Bd2 0-0 10. Rb1 a5 11. a3 Be6 12. Nb5 Qd7 13. b4 axb4 14. axb4 Nd8 15. Re1 c6 16. Nc3 Nf7 17. b5 d5 18. bxc6 bxc6 19. cxd5 cxd5 20. Nh4 Kh7 21. Nf3 Nf5 22. Qc1 Rfc8 23. Qb2 d4 24. Ne4 Bd5 25. Rec1 Rxc1+ 26. Rxc1 Rc8 27. Rxc8 Qxc8 28. Qc1 Qxc1+ 29. Bxc1 Bh6 30. Nxf6+ 1-0

[Event "IECC CL0-2017.00 email"]
[Site "IECC email"]
[Date "2017.03.22"]
[Round "?"]
[White "Raines, David T"]
[Black "Moreno, Alejandro"]
[Result "0-1"]
[WhiteElo "1192"]
[BlackElo "1248"]
[PlyCount "50"]
[EventDate "2017.02.24"]
[EventType "tourn (corr)"]
[EventRounds "4"]
[SourceTitle "Corr 2022"]
[Source "ChessBase"]
[SourceDate "2021.10.24"]
[SourceVersion "1"]
[SourceVersionDate "2021.10.24"]
[SourceQuality "1"]

1. d4 d5 2. Nf3 e6 3. Bf4 f5 4. e3 Nf6 5. h3 Be7 6. Nbd2 0-0 7. c3 Ne4 8. Be2 Nd7 9. 0-0 g5 10. Bh2 c6 11. Ne5 Nxe5 12. Bxe5 Bd7 13. Nxe4 fxe4 14. f3 exf3 15. Bxf3 Be8 16. Bg4 Rxf1+ 17. Qxf1 Bf7 18. Qf3 Qe8 19. Rf1 h5 20. Bf6 hxg4 21. Qf2 gxh3 22. Qg3 Bxf6 23. Rxf6 Qf8 24. Qxh3 Qg7 25. Rf2 Rf8 0-1

[Event "IECC CL0-2017.00 email"]
[Site "IECC email"]
[Date "2017.03.20"]
[Round "?"]
[White "Shim Ng Min, Francis"]
[Black "Moreno, Alejandro"]
[Result "1/2-1/2"]
[WhiteElo "1236"]
[BlackElo "1248"]
[PlyCount "55"]
[EventDate "2017.02.24"]
[EventType "tourn (corr)"]
[EventRounds "4"]
[SourceTitle "Corr 2022"]
[Source "ChessBase"]
[SourceDate "2021.10.24"]
[SourceVersion "1"]
[SourceVersionDate "2021.10.24"]
[SourceQuality "1"]

1. e4 c5 2. Nf3 d6 3. d4 cxd4 4. Nxd4 Nf6 5. Nc3 g6 6. Be3 Bg7 7. f3 0-0 8. Qd2 Nc6 9. g4 Nxd4 10. Bxd4 Be6 11. 0-0-0 Qa5 12. Kb1 Rfc8 13. b3 Rc7 14. Nb5 Qxd2 15. Rxd2 Rc6 16. Nxa7 Rc7 17. Nb5 Rc6 18. g5 Nh5 19. Bxg7 Kxg7 20. Nd4 Rc7 21. Nxe6+ fxe6 22. Bc4 Nf4 23. h4 Ra5 24. Rhd1 b5 25. Bf1 Rca7 26. c4 bxc4 27. Bxc4 e5 28. Rc2 1/2-1/2

[Event "BI-2015-P-0000"]
[Site "LSS email"]
[Date "2015.04.16"]
[Round "?"]
[White "Moreno, Alejandro"]
[Black "Tarmak, Mart"]
[Result "1-0"]
[WhiteElo "1255"]
[BlackElo "2136"]
[PlyCount "41"]
[EventDate "2015.04.22"]
[EventType "tourn (corr)"]
[EventRounds "10"]
[EventCountry "GER"]
[SourceTitle "Corr 2022"]
[Source "ChessBase"]
[SourceDate "2021.10.24"]
[SourceVersion "1"]
[SourceVersionDate "2021.10.24"]
[SourceQuality "1"]

1. c4 d6 2. d4 e5 3. dxe5 dxe5 4. Qxd8+ Kxd8 5. e4 Be6 6. Nf3 f6 7. Bd2 c6 8. Nc3 Nd7 9. Be2 Kc7 10. 0-0 Nh6 11. Rfd1 Nf7 12. Rac1 a5 13. a3 b6 14. Be3 Bc5 15. Bxc5 Nxc5 16. b4 axb4 17. axb4 Nb3 18. Rb1 Ra3 19. b5 Nd4 20. Nxd4 Rxc3 21. Nxe6+ 1-0

[Event "BI-2015-P-0000"]
[Site "LSS email"]
[Date "2015.04.16"]
[Round "?"]
[White "O'Toole, Roger"]
[Black "Moreno, Alejandro"]
[Result "1-0"]
[WhiteElo "2401"]
[BlackElo "1255"]
[PlyCount "37"]
[EventDate "2015.04.22"]
[EventType "tourn (corr)"]
[EventRounds "10"]
[EventCountry "GER"]
[SourceTitle "Corr 2022"]
[Source "ChessBase"]
[SourceDate "2021.10.24"]
[SourceVersion "1"]
[SourceVersionDate "2021.10.24"]
[SourceQuality "1"]

1. e4 c6 2. d4 d5 3. e5 Bf5 4. Nf3 e6 5. Be2 c5 6. Be3 cxd4 7. Nxd4 Ne7 8. Nd2 Nbc6 9. N2f3 Bg6 10. 0-0 Nxd4 11. Nxd4 Nc6 12. c4 Nxd4 13. Qxd4 Be7 14. cxd5 Qxd5 15. Qa4+ Kf8 16. Rac1 a6 17. Rfd1 Qe4 18. Qd7 Rd8 19. Rc8 1-0

[Event "BI-2015-P-0000"]
[Site "LSS email"]
[Date "2015.04.16"]
[Round "?"]
[White "Wittlieb, Friedhelm"]
[Black "Moreno, Alejandro"]
[Result "0-1"]
[WhiteElo "977"]
[BlackElo "1255"]
[PlyCount "54"]
[EventDate "2015.04.22"]
[EventType "tourn (corr)"]
[EventRounds "10"]
[EventCountry "GER"]
[SourceTitle "Corr 2022"]
[Source "ChessBase"]
[SourceDate "2021.10.24"]
[SourceVersion "1"]
[SourceVersionDate "2021.10.24"]
[SourceQuality "1"]

1. e4 c6 2. Nf3 d5 3. exd5 cxd5 4. d4 Nf6 5. Nc3 Nc6 6. Bd3 e6 7. 0-0 Be7 8. Be3 0-0 9. Ne5 Bd7 10. Bf4 a6 11. Qe2 Nxd4 12. Qe3 Nc6 13. Rae1 Nb4 14. Be2 Nxc2 15. Qh3 Nxe1 16. Rxe1 Ne4 17. Nd1 Rc8 18. f3 Nf6 19. Ne3 Bc5 20. Kf2 d4 21. N3c4 d3+ 22. Ne3 dxe2 23. Kxe2 Bb5+ 24. Kf2 Qd2+ 25. Re2 Qxe2+ 26. Kg3 Bxe3 27. Ng4 Qe1+ 0-1

[Event "BI-2015-F-0000"]
[Site "LSS email"]
[Date "2015.02.12"]
[Round "?"]
[White "Moreno, Alejandro"]
[Black "Molina, Vicente Andres"]
[Result "1-0"]
[WhiteElo "1256"]
[BlackElo "838"]
[PlyCount "67"]
[EventDate "2015.02.11"]
[EventType "tourn (corr)"]
[EventRounds "10"]
[EventCountry "GER"]
[SourceTitle "Corr 2022"]
[Source "ChessBase"]
[SourceDate "2021.10.24"]
[SourceVersion "1"]
[SourceVersionDate "2021.10.24"]
[SourceQuality "1"]

1. c4 Nf6 2. d4 c5 3. Nf3 cxd4 4. Nxd4 d6 5. Nc3 a6 6. e4 e6 7. Be2 b6 8. 0-0 Bb7 9. f3 Nbd7 10. Be3 Be7 11. Rc1 0-0 12. a3 Qc7 13. b4 Rad8 14. Rf2 Rfe8 15. Bf1 Qb8 16. Rfc2 d5 17. cxd5 exd5 18. exd5 Nxd5 19. Nxd5 Bxd5 20. Bc4 Bxc4 21. Rxc4 Ne5 22. R4c3 Bf6 23. Qc2 Nc4 24. Rxc4 Rxe3 25. Nc6 Qd6 26. Nxd8 Bxd8 27. Rc8 Qd4 28. Kf1 g6 29. Rd1 Qh4 30. Rcxd8+ Kg7 31. Qb2+ f6 32. R1d7+ Kh6 33. Qd2 Qc4+ 34. Kf2 1-0

[Event "IECC CL0-2014.00 email"]
[Site "IECC email"]
[Date "2014.09.30"]
[Round "?"]
[White "Lombardi, Donato"]
[Black "Moreno, Alejandro"]
[Result "0-1"]
[WhiteElo "992"]
[BlackElo "1273"]
[PlyCount "98"]
[EventDate "2014.09.03"]
[EventType "tourn (corr)"]
[EventRounds "4"]
[SourceTitle "Corr 2022"]
[Source "ChessBase"]
[SourceDate "2021.10.24"]
[SourceVersion "1"]
[SourceVersionDate "2021.10.24"]
[SourceQuality "1"]

1. e4 c6 2. d4 d5 3. Nc3 dxe4 4. Nxe4 Bf5 5. Ng3 Bg6 6. Nf3 Nd7 7. Bd3 Bxd3 8. Qxd3 e6 9. 0-0 Ngf6 10. Bg5 Be7 11. Rfe1 0-0 12. c4 h6 13. Bf4 Re8 14. Rad1 Bf8 15. Ne4 Nxe4 16. Qxe4 Nf6 17. Qe3 Qb6 18. b3 a5 19. c5 Qd8 20. Qe5 Qd5 21. h3 a4 22. b4 Rad8 23. Qc7 Re7 24. Qa5 Qxa2 25. Qxd8 Rd7 26. Qa5 Nd5 27. Ra1 Qb2 28. Qxa4 Nxf4 29. Rab1 Qc3 30. Ne5 Rxd4 31. Rec1 Ne2+ 32. Kh2 Nxc1 33. Qa1 Qxa1 34. Rxa1 Ne2 35. Ra7 Rxb4 36. Nd7 Be7 37. Ra8+ Kh7 38. Ne5 Bxc5 39. Nxf7 Bxf2 40. g4 Bg3+ 41. Kg2 Bh4 42. Kf3 Nf4 43. Rh8+ Kg6 44. Ne5+ Kf6 45. Nd7+ Ke7 46. Nc5 Nxh3 47. Rg8 Bf6 48. Rb8 Ng5+ 49. Ke3 Bd4+ 0-1

[Event "CP-2014-P-00037"]
[Site "LSS email"]
[Date "2014.09.30"]
[Round "?"]
[White "Moreno, Alejandro"]
[Black "Mondino, Victor Nilo"]
[Result "0-1"]
[WhiteElo "1270"]
[BlackElo "2276"]
[PlyCount "32"]
[EventDate "2014.10.01"]
[EventType "tourn (corr)"]
[EventRounds "6"]
[EventCountry "GER"]
[SourceTitle "Corr 2022"]
[Source "ChessBase"]
[SourceDate "2021.10.24"]
[SourceVersion "1"]
[SourceVersionDate "2021.10.24"]
[SourceQuality "1"]

1. c4 e5 2. Nc3 Nf6 3. Nf3 Nc6 4. d4 exd4 5. Nxd4 Bb4 6. Bg5 h6 7. Bh4 0-0 8. e3 g5 9. Bg3 Ne4 10. Qc2 Re8 11. Be2 Nxd4 12. exd4 Qe7 13. 0-0 Bxc3 14. bxc3 Nxg3 15. hxg3 Qxe2 16. Qxe2 Rxe2 0-1

[Event "CP-2014-P-00037"]
[Site "LSS email"]
[Date "2014.09.30"]
[Round "?"]
[White "Moreno, Alejandro"]
[Black "Rogachev, Vitalij"]
[Result "0-1"]
[WhiteElo "1270"]
[BlackElo "2218"]
[PlyCount "30"]
[EventDate "2014.10.01"]
[EventType "tourn (corr)"]
[EventRounds "6"]
[EventCountry "GER"]
[SourceTitle "Corr 2022"]
[Source "ChessBase"]
[SourceDate "2021.10.24"]
[SourceVersion "1"]
[SourceVersionDate "2021.10.24"]
[SourceQuality "1"]

1. c4 e5 2. Nc3 Nf6 3. Nf3 Nc6 4. d4 exd4 5. Nxd4 Bb4 6. Bg5 h6 7. Bh4 0-0 8. e3 Re8 9. Be2 g5 10. Bg3 Ne4 11. Qc2 Nxd4 12. exd4 Qe7 13. 0-0 Bxc3 14. bxc3 Nxg3 15. hxg3 Qxe2 0-1

[Event "CP-2014-P-00037"]
[Site "LSS email"]
[Date "2014.09.30"]
[Round "?"]
[White "Moreno, Alejandro"]
[Black "Vodicka, Milan"]
[Result "0-1"]
[WhiteElo "1270"]
[BlackElo "2007"]
[PlyCount "51"]
[EventDate "2014.10.01"]
[EventType "tourn (corr)"]
[EventRounds "6"]
[EventCountry "GER"]
[SourceTitle "Corr 2022"]
[Source "ChessBase"]
[SourceDate "2021.10.24"]
[SourceVersion "1"]
[SourceVersionDate "2021.10.24"]
[SourceQuality "1"]

1. c4 Nf6 2. d4 g6 3. Nf3 Bg7 4. Nc3 d5 5. e3 0-0 6. Qb3 e6 7. cxd5 exd5 8. h3 Re8 9. Bb5 c6 10. Bd3 c5 11. dxc5 Nbd7 12. 0-0 Nxc5 13. Qc2 Nce4 14. Nd4 Nxc3 15. bxc3 Ne4 16. f3 Nc5 17. Bd2 Bd7 18. a4 Qc7 19. Bb5 a6 20. Bxd7 Nxd7 21. Rac1 Nb6 22. Rfe1 Rac8 23. Kf2 Nc4 24. Qd3 Ne5 25. Qb1 Qc4 26. Qb4 0-1

[Event "IECC CL0-2014.00 email"]
[Site "IECC email"]
[Date "2014.09.29"]
[Round "?"]
[White "Moreno, Alejandro"]
[Black "Batres Bianchi, Luis Carlos"]
[Result "1-0"]
[WhiteElo "1273"]
[BlackElo "1151"]
[PlyCount "49"]
[EventDate "2014.09.03"]
[EventType "tourn (corr)"]
[EventRounds "4"]
[SourceTitle "Corr 2022"]
[Source "ChessBase"]
[SourceDate "2021.10.24"]
[SourceVersion "1"]
[SourceVersionDate "2021.10.24"]
[SourceQuality "1"]

1. c4 Nf6 2. d4 b6 3. Nc3 Bb7 4. Nf3 g6 5. Bg5 Bg7 6. g3 d6 7. Bg2 Nbd7 8. 0-0 0-0 9. Re1 h6 10. Be3 Ng4 11. Qd2 Nxe3 12. Qxe3 e5 13. d5 Re8 14. Ne4 Nf6 15. Nxf6+ Bxf6 16. Nd2 Kh7 17. Ne4 Bg7 18. Qd3 Bc8 19. Nc3 Bf5 20. Be4 Bxe4 21. Qxe4 Qd7 22. Kg2 a6 23. h4 f5 24. Qf3 e4 25. Qe3 1-0

[Event "IECC CL0-2014.00 email"]
[Site "IECC email"]
[Date "2014.09.29"]
[Round "?"]
[White "Moreno, Alejandro"]
[Black "Miquel Badenes, Jose"]
[Result "1/2-1/2"]
[WhiteElo "1273"]
[BlackElo "1195"]
[PlyCount "87"]
[EventDate "2014.09.03"]
[EventType "tourn (corr)"]
[EventRounds "4"]
[SourceTitle "Corr 2022"]
[Source "ChessBase"]
[SourceDate "2021.10.24"]
[SourceVersion "1"]
[SourceVersionDate "2021.10.24"]
[SourceQuality "1"]

1. c4 Nf6 2. d4 c6 3. Nf3 e6 4. Nc3 d5 5. Bg5 Be7 6. e3 h6 7. Bh4 Nbd7 8. Bd3 Nh5 9. Bxe7 Qxe7 10. 0-0 Nhf6 11. Qb3 0-0 12. cxd5 exd5 13. a4 Re8 14. Rfe1 Ne4 15. Bxe4 dxe4 16. Nd2 Nf6 17. d5 cxd5 18. Nxd5 Nxd5 19. Qxd5 Qd7 20. Qxd7 Bxd7 21. Red1 Bc6 22. Nb3 Rad8 23. Nd4 Bd7 24. b3 a6 25. Rac1 Rc8 26. Kf1 g6 27. Ke2 f5 28. Kd2 Kf7 29. Rxc8 Rxc8 30. Rc1 Rxc1 31. Kxc1 Ke7 32. Kc2 Kd6 33. Kc3 Kd5 34. a5 Kc5 35. b4+ Kd5 36. h4 g5 37. hxg5 hxg5 38. g3 g4 39. Nb3 Bc8 40. Nc5 Kd6 41. Kd4 Kc6 42. Kc4 b5+ 43. Kd4 Kd6 44. Nb3 1/2-1/2

[Event "IECC CL0-2014.00 email"]
[Site "IECC email"]
[Date "2014.09.29"]
[Round "?"]
[White "Soerensen, Sabrina"]
[Black "Moreno, Alejandro"]
[Result "0-1"]
[WhiteElo "1164"]
[BlackElo "1273"]
[PlyCount "25"]
[EventDate "2014.09.03"]
[EventType "tourn (corr)"]
[EventRounds "4"]
[SourceTitle "Corr 2022"]
[Source "ChessBase"]
[SourceDate "2021.10.24"]
[SourceVersion "1"]
[SourceVersionDate "2021.10.24"]
[SourceQuality "1"]

1. c4 c6 2. Nf3 d5 3. d4 Nf6 4. e3 Bf5 5. Nc3 dxc4 6. Bxc4 e6 7. 0-0 Nbd7 8. Nh4 Bg4 9. f3 Bh5 10. e4 Be7 11. g4 Bg6 12. g5 Nh5 13. f4 0-1

[Event "IECC CL0-2014.00 email"]
[Site "IECC email"]
[Date "2014.01.13"]
[Round "?"]
[White "Moreno, Alejandro"]
[Black "Grimm, Wolfgang"]
[Result "0-1"]
[WhiteElo "1251"]
[BlackElo "1290"]
[PlyCount "37"]
[EventDate "2013.12.01"]
[EventType "tourn (corr)"]
[EventRounds "4"]
[SourceTitle "Corr 2022"]
[Source "ChessBase"]
[SourceDate "2021.10.24"]
[SourceVersion "1"]
[SourceVersionDate "2021.10.24"]
[SourceQuality "1"]

1. c4 c5 2. Nc3 Nc6 3. Nf3 e5 4. e3 d6 5. d4 Bg4 6. d5 Na5 7. Be2 Nf6 8. e4 Be7 9. 0-0 Nd7 10. b3 0-0 11. Nd2 Bxe2 12. Qxe2 Bg5 13. Re1 Qf6 14. Nf1 Bxc1 15. Raxc1 Rfd8 16. Ne3 Nf8 17. g3 Ng6 18. Kg2 Qg5 19. Rh1 0-1

[Event "IECC CL0-2014.00 email"]
[Site "IECC email"]
[Date "2014.01.08"]
[Round "?"]
[White "Moreno, Alejandro"]
[Black "Trevis, Robert R"]
[Result "1-0"]
[WhiteElo "1251"]
[BlackElo "1255"]
[PlyCount "107"]
[EventDate "2013.12.01"]
[EventType "tourn (corr)"]
[EventRounds "4"]
[SourceTitle "Corr 2022"]
[Source "ChessBase"]
[SourceDate "2021.10.24"]
[SourceVersion "1"]
[SourceVersionDate "2021.10.24"]
[SourceQuality "1"]

1. c4 e5 2. Nc3 Nf6 3. Nf3 Nc6 4. g3 Bb4 5. Bg2 0-0 6. 0-0 e4 7. Ng5 Bxc3 8. bxc3 Re8 9. f3 e3 10. dxe3 Na5 11. c5 Nc4 12. e4 Qe7 13. Qd4 d5 14. cxd6 Nxd6 15. a4 h6 16. Nh3 Be6 17. Nf4 Nc4 18. Nd5 Bxd5 19. exd5 Qxe2 20. Rf2 Qe1+ 21. Rf1 Qe2 22. Bf4 Rad8 23. Qxa7 Nxd5 24. Rf2 Qd3 25. Bf1 Qxc3 26. Rc1 Qa5 27. Qxa5 Nxa5 28. Bxc7 Rc8 29. Rc5 Nxc7 30. Rxa5 Ne6 31. Bh3 Rc1+ 32. Kg2 Nd4 33. Bd7 Ree1 34. Ra8+ Kh7 35. Re8 Kg6 36. Rxe1 Rxe1 37. Rb2 Re2+ 38. Rxe2 Nxe2 39. Kf2 Nc3 40. a5 Kf6 41. f4 Ke7 42. Bc8 Ne4+ 43. Ke3 Nd6 44. a6 bxa6 45. Bxa6 Ke6 46. Bd3 Kd5 47. g4 g6 48. h4 f5 49. h5 gxh5 50. Bxf5 Nxf5+ 51. gxf5 h4 52. Kf3 h5 53. Kg2 Kc6 54. Kh3 1-0